000 00898nam a2200301 i 4500
001 29650
003 ES-MaACL
005 20250823105834.0
007 t|
008 030122s1983 sp a ||||1|dspa d
017 _aM 40464-1983
020 _a8486280028
040 _cES-MaACL
080 _a791(464.1 M.)"18"
080 _a792(464.1 M.)"18"
100 _aBarrera Maraver, Antonio.
_eaut
_9240763
245 1 0 _aCrónicas del género chico y de un Madrid divertido /
_cAntonio Barrera
250 _a1ª ed.
260 _aMadrid :
_bAvapiés,
_c[1983]
300 _a165 páginas :
_bil. ;
_c20 cm
490 1 _aColección Avapiés ;
_v2
650 4 _aZarzuela-
_zMadrid
_9137574
830 0 _aAvapiés
_v2
_9178596
852 _aES-MaACL
_jL-5724
_cDEPO2
_xEncuadernación rústica
942 _cMONOGRAFIA
_n0
999 _c29650
_d29650